| 000 | 00784cab a2200241 4500 | ||
|---|---|---|---|
| 001 | WB2801-57 | ||
| 008 | 090401t1991 xxu||||| |||| 00| 0 eng d | ||
| 035 | _a(Sirsi) u52498 | ||
| 041 | _aeng | ||
| 245 | _aPlanning controls over fish farming | ||
| 260 | _c1991 | ||
| 350 | _a0 | ||
| 490 |
_aDoE News Release _v(794) 12 December 1991, (3) |
||
| 520 | _aControls to cover inland fish farming have been announced by the planning minister, and certain permitted development rights extended to smaller agricultural holdings. | ||
| 650 | _aAGRICULTURAL DEVELOPMENT | ||
| 650 | _aFISH FARMING | ||
| 650 | _aPERMITTED DEVELOPMENT RIGHTS | ||
| 650 | _aPLANNING CONTROL | ||
| 690 | _aPLANNING LAW AND PRACTICE | ||
| 690 | _aRURAL PRACTICE | ||
| 942 | _n0 | ||
| 948 | _c04/03/1997 | ||
| 999 |
_c32504 _d32504 |
||